40 Historical European Writers, Scholars, and Artists - Statistics

General Stats
  • This quiz has been taken 313 times
  • The average score is 18 of 40
Answer Stats
Famous Work Scholar, Writer or Artist % Correct
Mona Lisa Leonardo da Vinci
99%
King Lear William Shakespeare
88%
Moonlight Sonata Ludwig van Beethoven
86%
Das Kapital Karl Marx
83%
The Starry Night Vincent van Gogh
78%
The Four Seasons Antonio Vivaldi
77%
A Tale of Two Cities Charles Dickens
75%
95 Theses Martin Luther
71%
The Prince Niccolo Machiavelli
71%
Candide Voltaire
71%
Swan Lake Pyotr Ilyich Tchaikovsky
68%
The Flight of the Valkyries Richard Wagner
64%
The Wealth of Nations Adam Smith
56%
The School of Athens Raphael
55%
Critique of Pure Reason Immanuel Kant
52%
Girl with a Pearl Earring Johannes Vermeer
52%
Utopia Sir Thomas More
50%
The Social Contract Jean-Jacques Rousseau
48%
Impression: Sunrise Claude Monet
47%
Leviathan Thomas Hobbes
44%
Les Demoiselles d'Avignon Pablo Picasso
43%
Principia Isaac Newton
40%
Jesu, Joy of Man's Desiring Johann Sebastian Bach
40%
David Michaelangelo
39%
On the Revolutions of Heavenly Spheres Nicolaus Copernicus
39%
Discourse on the Method Rene Descartes
38%
24 Preludes Frederic Chopin
31%
In Praise of Folly Desiderius Erasmus
24%
I Wandered Lonely as a Cloud William Wordsworth
23%
Hungarian Rhapsodies Franz Lizst
22%
The Tragicall History of D. Faustus Christopher Marlowe
20%
The Spirit of the Laws Baron de Montesquieu
15%
A Second Treatise on Government John Locke
14%
Claire d'lune Claude Debussy
13%
A Vindication of the Rights of Women Mary Wollestonecraft
12%
An Essay on the Principle of Population Thomas Malthus
7%
Declaration of the Rights of Woman and Female Citizen Olympe de Gouges
6%
A Treatise of Human Nature David Hume
5%
The Circulation of the Blood William Harvey
5%
The Sceptical Chemist Robert Boyle
4%
No matching quizzes found
Score Distribution
Percent of People with Each Score
Percentile by Number Answered
Your Score History
You have not taken this quiz